00382nam a2200133Ia 450000500170000000800410001708200130005810000160007124500360008726000400012330000170016365000300018065000380021020250312024313.0240331s9999 xx 000 0 und d bGANa894 aGanesan, P. 0aKa. Na. Su. vum Kailasapathiyum aBangalorebKaavya publishersc1988 a110 p .,  aPuthiya Illakiya Vagaikal aSirukadhai, Naval, Puthu kavithai